| 000 | 00489nam a2200181Ia 4500 | ||
|---|---|---|---|
| 003 | GCL | ||
| 008 | 140319s9999 xx 000 0 ara d | ||
| 040 |
_aGCL / _cGCL |
||
| 082 | 0 | 4 |
_a658.03 _bك ا |
| 100 | 1 | _aكاتز، دانييل | |
| 245 | 1 | 0 |
_aالاعلام والراى العام / _cكاتز، دانييل |
| 700 | 1 | _aمحمود كامل المحامى | |
| 300 | _a249 ص | ||
| 490 | _a | ||
| 650 | 0 | 4 | _aالاعلام |
| 650 | 0 | 4 | _aالراى العام |
| 942 |
_2ddc _cBK |
||
| 999 |
_c41394 _d41394 |
||